Online
Catalog

Julian Huxley : (Record no. 11220)

MARC details
000 -CABECERA
campo de control de longitud fija 00903nam a2200265 4500
001 - NÚMERO DE CONTROL
campo de control 000011524
003 - IDENTIFICADOR DEL NÚMERO DE CONTROL
campo de control DO-SdBNP
005 - FECHA Y HORA DE LA ÚLTIMA TRANSACCIÓN
campo de control 20250225111532.0
008 - DATOS DE LONGITUD FIJA--INFORMACIÓN GENERAL
campo de control de longitud fija 091019s1978 fr c 001 0bspa d
020 ## - NÚMERO INTERNACIONAL ESTÁNDAR DEL LIBRO
Número Internacional Estándar del Libro 9233014614
040 ## - FUENTE DE LA CATALOGACIÓN
Centro catalogador/agencia de origen DO-SdBNP
Lengua de catalogación spa
Centro/agencia transcriptor BNPHU
041 17 - CÓDIGO DE LENGUA
Código de lengua del texto/banda sonora o título independiente spa
Código de lengua original eng
Fuente del código Código de idioma MARC
049 ## - FONDOS LOCALES (OCLC)
Fondos de biblioteca BNGR
082 #4 - NÚMERO DE LA CLASIFICACIÓN DECIMAL DEWEY
Número de clasificación 925.74
Número de documento/Ítem H986B
100 1# - ENTRADA PRINCIPAL--NOMBRE DE PERSONA
Nombre de persona Baker, J. R.
Forma completa/desarrollada del nombre (John Randal Baker),
Fechas asociadas al nombre 1900-1984
9 (RLIN) 27257
245 10 - MENCIÓN DE TÍTULO
Título Julian Huxley :
Resto del título hombre de ciencia y ciudadano del mundo, 1887-1975 /
Mención de responsabilidad, etc. J. R. Baker.
260 ## - PUBLICACIÓN, DISTRIBUCIÓN, ETC.
Lugar de publicación, distribución, etc. París, Francia :
Nombre del editor, distribuidor, etc. UNESCO,
Fecha de publicación, distribución, etc. 1978.
300 ## - DESCRIPCIÓN FÍSICA
Extensión 184 P. :
Otras características físicas il. ;
Dimensiones 22 cm.
500 ## - NOTA GENERAL
Nota general Incluye notas al pie de las páginas.
600 10 - PUNTO DE ACCESO ADICIONAL DE MATERIA--NOMBRE DE PERSONA
Nombre de persona Huxley, Julian Sorell
Fechas asociadas al nombre 1887-1975
9 (RLIN) 27258
650 #0 - PUNTO DE ACCESO ADICIONAL DE MATERIA--TÉRMINO DE MATERIA
Término de materia o nombre geográfico como elemento de entrada Biólogos
Subdivisión geográfica Inglaterra
9 (RLIN) 27259
Subdivisión de forma Biografías
700 1# - PUNTO DE ACCESO ADICIONAL--NOMBRE DE PERSONA
Nombre de persona Green, Jens Peter,
Término indicativo de función/relación comp.
9 (RLIN) 27260
910 ## - DATOS DE OPCIÓN DEL USUARIO (OCLC)
Datos de opción del usuario Catalogación Original
942 ## - ELEMENTOS DE PUNTO DE ACCESO ADICIONAL (KOHA)
Fuente del sistema de clasificación o colocación Dewey Decimal Classification
Tipo de ítem Koha Libro
Holdings
Estado de retiro Estado de pérdida Restricciones de uso No para préstamo Código de colección Localización permanente Ubicación/localización actual Ubicación en estantería Fecha de adquisición Número de inventario Total de préstamos Signatura topográfica completa Código de barras Fecha visto por última vez Precio válido a partir de Tipo de ítem Koha
    Préstamo interno   Monografías: Libros y Folletos General General En catalogación 19.10.2009 LF1   925.74 H986B 11524-10 25.06.2020 25.06.2020 Préstamo interno

Powered by Koha